Οι ελληνο-ιταλικές σχέσεις κατά τη διάρκεια του Μεσοπολέμου (1923-1940) : διπλωματική εργασία [πτυχιακή εργασία]

Αποθηκεύτηκε σε:
Λεπτομέρειες βιβλιογραφικής εγγραφής
Κύριος συγγραφέας: Κερρά, Ανδριανή
Συγγραφή απο Οργανισμό/Αρχή: Πανεπιστήμιο Αιγαίου Σχολή Ανθρωπιστικών Επιστημών Τμήμα Μεσογειακών Σπουδών
Μορφή: Thesis Βιβλίο
Γλώσσα:Greek
Δημοσίευση: 2015.
Θέματα:
Διαθέσιμο Online:http://hdl.handle.net/11610/8223
Ετικέτες: Προσθήκη ετικέτας
Δεν υπάρχουν, Καταχωρήστε ετικέτα πρώτοι!

MARC

LEADER 00000cam a2200000 a 4500
001 1/108465
008 150908s2015####gr | ||| |||| ||gre||
040 |a GR-MyUa  |b gre  |c GR-MyUa  |e AACR2 
041 0 |a gre 
082 7 |a 938.648   |2 (23) 
100 1 |a Κερρά, Ανδριανή. 
245 1 3 |a Οι ελληνο-ιταλικές σχέσεις κατά τη διάρκεια του Μεσοπολέμου (1923-1940) :   |b διπλωματική εργασία [πτυχιακή εργασία] /   |c Κερρά Ανδριανή ; επιβλέπων καθηγητής Σακκάς Ιωάννης.  
260 |c 2015.  
300 |a 58 σ. ;   |c 30 εκ.  
502 |a Πτυχιακή εργασία – Πανεπιστήμιο Αιγαίου, Ρόδος, 2015. 
504 |a Βιβλιογραφία: σ. 53-57.  
506 0 |a Πλήρες κείμενο - Ελεύθερη δημοσίευση.  
651 0 |a Italy  |x Foreign relations  |z Greece. 
651 0 |a Greece  |x Foreign relations  |z Italy. 
700 1 |a Σακκάς, Γιάννης Δ.  |e dgs 
710 2 |a Πανεπιστήμιο Αιγαίου  |b Σχολή Ανθρωπιστικών Επιστημών  |b Τμήμα Μεσογειακών Σπουδών. 
852 |a INST  |b RHODES  |c DIATR  |e 20150908  |h 938.648 ΚΕΡ  |p 005400038021  |q 005400038021  |t DIE  |y 23 
856 |u http://hdl.handle.net/11610/8223 
924 |a Κερρά   |b Ανδριανή   |y Ρόδος  |z 2015-07  
970 |z 08-09-2015